Bruce Lee Quotes Quiz - Statistics

General Stats
  • This quiz has been taken 327 times
  • The average score is 5 of 8
Answer Stats
Quote Answer % Correct
A ____ is not always meant to be reached, it often serves simply as something to aim at. goal
81%
If you want to learn to swim, ____ into the water. On dry land, no frame of mind is ever going to help you. jump
79%
A quick temper will make a ____ of you soon enough. fool
72%
I fear not the man who has practiced 10,000 kicks ____, but I fear the man who has practiced one kick 10,000 times. once
72%
The ____ is like a fertile garden in which anything that is planted, flowers or weeds, will grow. mind
62%
It’s not what you give, it’s the ___ you give it. way
48%
______ don’t hit back. Boards
44%
As you _____, so shall you become. think
38%
No matching quizzes found
Score Distribution
Percent of People with Each Score
Percentile by Number Answered
Your Score History
You have not taken this quiz